| 000 | 00708nam a22002057a 4500 | ||
|---|---|---|---|
| 003 | OSt | ||
| 005 | 20251022021000.0 | ||
| 008 | 251022b |||||||| |||| 00| 0 eng d | ||
| 020 | _a978-0-367-02645-5 | ||
| 040 |
_aDWCL-Main lib _cOC |
||
| 082 | _aCirc. 624.170 C454a 2019 | ||
| 100 | _aCHANDRASEKARAN, SRIVASAN | ||
| 245 |
_aAdvanced Structural Analysis with MATLAB/ _cCHANDRASEKARAN, SRIVASAN |
||
| 260 |
_aBoca Raton : _bTaylor & Francis Group CRC Press, _cc2019. |
||
| 300 |
_axi, 238 pages : _billustrations ; _c24cm. |
||
| 504 | _aIncludes bibliographical references | ||
| 650 | _a1. MATLAB | ||
| 650 | _a2. Structural analysis( Engineering)-- Mathematics | ||
| 942 |
_2ddc _cBK-CIRC _kCirc. _n0 |
||
| 999 |
_c4995 _d4995 |
||